U.S. Geography Bee General Knowledge #3 - Statistics

General Stats
  • This quiz has been taken 98 times
  • The average score is 12 of 20
Answer Stats
Question Answer % Correct
Key West is an island chain of the southwestern tip of which state? Florida
91%
Mauna Kea and Mauna Loa are two major mountains in which state? Hawaii
91%
Green Bay and Milwaukee are cities that border which great lake? Lake Michigan
85%
Las Vegas : Nevada :: Atlantic City : _____________ New Jersey
84%
The vacation spots of Hilton Head and Myrtle Beach are located in which state? South Carolina
82%
Which city is nicknamed "Bean Town" and is home to Harvard University? Boston
78%
The majority of the Navajo Nation is located in the northeastern region of which state? Arizona
73%
Which state is nicknamed "The Great Lakes State"? Michigan
73%
What state is home to the final destination of the Lewis and Clark Expedition? Oregon
72%
Monticello was Thomas Jefferson's family plantation, which is located in which state? Virginia
71%
Which state is the leading producer of crude oil? Texas
69%
Which is the most populous city in the US? Los Angeles
58%
Which mountain range is on the border of Arkansas and Missouri? Ozarks
58%
West Point Academy : West Point :: Naval Academy : Annapolis :: Air Force Academy : ____________ Colorado Springs
49%
The Chattahoochee river creates the border between Georgia and which other state? Alabama
48%
Yucca Mountain is a major nuclear energy repository in which state? Nevada
46%
Which island chain is off the coast of the Katmai peninsula? Aleutian Islands
44%
The Petrified Forest is a landmark in which state? Arizona
33%
Which mountain range (part of the Appalachian Mtns) is in northern New Hampshire? White Mtns.
19%
What is the longest river entirely in the state of Texas? Brazos River
16%
No matching quizzes found
Score Distribution
Percent of People with Each Score
Percentile by Number Answered
Your Score History
You have not taken this quiz